PEDIATRICS INFECTIONS DISEASE (Record no. 24042)

MARC details
000 -LEADER
fixed length control field 00206nam a22000977a 4500
003 - CONTROL NUMBER IDENTIFIER
control field SGT
245 ## - TITLE STATEMENT
Title PEDIATRICS INFECTIONS DISEASE
260 ## - PUBLICATION, DISTRIBUTION, ETC. (IMPRINT)
Name of publisher, distributor, etc ELSEVIER PUB
Year of Publication 2015,2016
300 ## - PAGE DESCRIPTION
No. of Pages 111,133
942 ## - ADDED ENTRY ELEMENTS (KOHA)
Source of classification or shelving scheme Dewey Decimal Classification
Koha item type Back Volumes
Holdings
Withdrawn status Lost status Source of classification or shelving scheme Damaged status Not for loan Collection code Home library Current library Shelving location Date acquired Volume Information (Serial or Books or Non-Book Material) SGTU Accession No. (Barcode) Date last seen Bill Date Koha item type
    Dewey Decimal Classification   Not For Loan MEDICAL SGT Medical Library SGT Medical Library Reference Book 23/06/2023 VOL-7, 2015 SGTU PM981 23/06/2023 23/06/2023 Back Volumes
    Dewey Decimal Classification   Not For Loan MEDICAL SGT Medical Library SGT Medical Library Reference Book 23/06/2023 VOL-8, 2016 SGTU PM982 23/06/2023 23/06/2023 Back Volumes